000
00300nam a22001337a 4500
008
180906b xxu||||| |||| 00| 0 eng d
020
_a
9780873227308
041
_a
eng
080
_a
612.39
100
_a
10
101
_a
Nut
245
_a
Sports Nutrition Guide book
_c
Clark,N
942
_2
udc
_c
BK
999
_c
47597
_d
47597